Choix de poemes
Shranjeno v:
| Glavni avtor: | |
|---|---|
| Format: | Knjiga |
| Jezik: | španščina |
| Izdano: |
Lyon
Editions IAC
1942
|
| Serija: | <Les >chefs d'oeuvre francais
|
| Teme: | |
| Oznake: |
Označite
Brez oznak, prvi označite!
|
MARC
| LEADER | 00000nam a2200000 a 4500 | ||
|---|---|---|---|
| 001 | UCZ1765 | ||
| 003 | CL-VaPUC | ||
| 008 | 950907e19420000FR |||||||||||||||||spa|d | ||
| 082 | 0 | 4 | |a 841 |b RON |2 21 |
| 100 | 0 | |a Ronsard, Pierre de |e author |9 312743 | |
| 245 | 1 | 0 | |a Choix de poemes |
| 300 | |a 174 p | ||
| 942 | |c BK | ||
| 945 | |d 19950907 00:00:00 |a rbrito | ||
| 260 | |a Lyon |b Editions IAC |c 1942 | ||
| 650 | 0 | |a Poesías francesas |9 265467 | |
| 583 | |a last modification |c 19950907 00:00:00 |k Rodrigo Vera | ||
| 490 | 0 | |a <Les >chefs d'oeuvre francais | |
| 999 | |c 238468 |d 238466 | ||
| 952 | |0 0 |1 0 |4 0 |6 841_000000000000000_RON_1942 |7 0 |8 A |9 248664 |a BIBEDU |b BIBEDU |d 2019-11-18 |i 3117405 |o 841 RON 1942 |p 3117405 |r 2019-11-18 |w 2019-11-18 |y BK |k LIT | ||